| 000 | 00927cam a22002655a 4500 | ||
|---|---|---|---|
| 001 | 016301868 | ||
| 003 | OSt | ||
| 005 | 20201128023631.0 | ||
| 008 | 130423t2013 si a frb 001 0 eng d | ||
| 020 | _a9781118323632 (pbk.) | ||
| 040 |
_aStDuBDS _beng _cStDuBDS _dUk _dEG-ScBUE |
||
| 082 | 0 | 4 |
_a658.5 _222 _bREI |
| 100 | 1 |
_aReid, R. Dan _q(Robert Dan), _d1949- _939334 |
|
| 245 | 1 | 0 |
_aOperations management : _ban integrated approach / _cR. Dan Reid, Nada R. Sanders. |
| 250 | _a5th ed., International student version. | ||
| 260 |
_aSingapore : _bJohn Wiley & Sons, _cc.2013. |
||
| 300 |
_axxiv, 654 p. : _bill. (black and white) ; _c26 cm. |
||
| 500 | _aPrevious edition: Hoboken, N.J. : Wiley, 2007. | ||
| 504 | _aIncludes bibliographical references and indexes. | ||
| 650 | 7 |
_aProduction management. _2BUEsh _91855 |
|
| 651 | _2BUEsh | ||
| 653 |
_bBUSADM _cFebruary2016 |
||
| 700 | 1 |
_aSanders, Nada R. _938864 |
|
| 942 | _2ddc | ||
| 999 |
_c21139 _d21111 |
||